Capitals of the World Sudden Death - Statistics

General Stats
  • This quiz has been taken 91 times
  • The average score is 13 of 20
Answers on the Grid
Answers color-coded by a green-red scale on the quiz's grid according to % correct below.
Washington
New York
Toronto
London
Baku
Gaborone
Johannesburg
Lagos
Istanbul
Ankara
Mumbai
Vientiane
Hanoi
Manilla
Doha
Dubai
Windhoek
Vaduz
Saint Petersburg
Shanghai
Palikir
Moroni
Praia
Valletta
Rome
Tel Aviv
Asmara
Paramaribo
Sydney
Barcelona
Algiers
Tallinn
 
Answer Stats
Answer % Correct
Washington
93%
London
85%
Rome
76%
Ankara
69%
Baku
68%
Manilla
64%
Vaduz
64%
Valletta
64%
Doha
63%
Hanoi
61%
Tallinn
61%
Windhoek
59%
Algiers
58%
Gaborone
56%
Vientiane
56%
Paramaribo
54%
Palikir
53%
Asmara
51%
Moroni
51%
Praia
49%
No matching quizzes found
Score Distribution
Percent of People with Each Score
Percentile by Number Answered
Your Score History
You have not taken this quiz